Statistiques concernant Maréchaux de l'Union Soviétique

Cliquez ici pour prendre le quiz!

Statistiques générales

  • Ce quiz a été pris 35 fois
  • Le résultat moyen est 7 sur 41

Statistiques - réponses

NominationNom% Correct
Janvier 1943Gueorgui Joukov
75%
Mars 1943Joseph Staline
71%
Mai 1976Léonid Brejnev
46%
Juin 1944Constantin Rokossovski
33%
Février 1944Ivan Koniev
33%
Juillet 1945Lavrenti Beria
33%
Novembre 1935Semion Boudienny
33%
Mai 1940Semion Timochenko
33%
Février 1943Aleksandr Vassilievski
29%
Mars 1955Vassili Tchouïkov
29%
Juin 1944Leonid Govorov
25%
Novembre 1935Mikhaïl Toukhatchevski
25%
Novembre 1935Kliment Vorochilov
21%
Mai 1940Boris Chapochnikov
17%
Mars 1955Hovhannes Bagramian
17%
Novembre 1935Aleksandr Iegorov
13%
Mars 1955Andreï Ieremenko
13%
Septembre 1944Fiodor Tolboukhine
13%
Mai 1940Grigori Koulik
13%
Mars 1955Kirill Moskalenko
13%
Mai 1959Matveï Zakharov
13%
Septembre 1944Rodion Malinovski
13%
Novembre 1935Vassili Blücher
13%
Mars 1955Andreï Gretchko
8%
Juillet 1976Dmitri Oustinov
8%
Mai 1961Filipp Golikov
8%
Avril 1967Ivan Iakoubovski
8%
Octobre 1944Kirill Meretskov
8%
Novembre 1947Nikolaï Boulganine
8%
Mai 1962Nikolaï Krylov
8%
Mars 1955Sergueï Biriouzov
8%
Février 1978Sergueï Sokolov
8%
Mars 1983Vassili Petrov
8%
Juillet 1946Vassili Sokolovski
8%
Avril 1990Dmitri Iazov
4%
Janvier 1977Nikolaï Ogarkov
4%
Avril 1968Pavel Batitski
4%
Avril 1968Piotr Kochevoï
4%
Mars 1983Semion Kourkotkine
4%
Mars 1983Sergueï Akhromeïev
4%
Janvier 1977Viktor Koulikov
4%

Distribution des résultats

Percentile par nombre de réponses

% des personnes avec chaque résultat

Votre développement - résultats

Vous n’avez pas pris ce quiz